|
|
|
|
| LEADER |
00000nab a2200000 a 4500 |
| 001 |
vtls009475008 |
| 003 |
SK-MaSNL |
| 005 |
20260426100356.0 |
| 008 |
140301c20090105xo dr|p|||||||000 b|slo |
| 015 |
|
|
|a SNBRB2009/02
|2 snkbucl
|
| 038 |
|
|
|a SNKBUCL
|
| 040 |
|
|
|a SNKBUCL
|b slo
|c SNKBUCL
|e AACR2
|
| 041 |
0 |
|
|a slo
|
| 044 |
|
|
|a xo
|c SK
|
| 080 |
|
|
|a 339.162:004.738.5
|x (437.6)
|2 2001
|
| 080 |
|
|
|a 004.738.5
|2 2001
|
| 100 |
1 |
|
|a Doktor, Vladislav
|4 ivr
|4 aut
|9 1034509
|
| 245 |
1 |
0 |
|a Kamenné obchody už s nami súperia
|b konateľ internetového obchodného centra Hej.sk Tomáš Richter pre Hospodárske noviny
|c [zhováral sa] Vladislav Doktor
|
| 300 |
|
|
|b Fotogr.
|
| 500 |
|
|
|a Biogr. údaje
|
| 650 |
0 |
7 |
|a internet
|2 snkbucl
|9 1833
|
| 650 |
0 |
7 |
|a elektronický obchod
|2 snkbucl
|9 3918
|
| 651 |
|
7 |
|a Slovensko
|2 snkbucl
|9 14231
|
| 700 |
1 |
|
|a Richter, Tomáš
|4 ive
|9 921513
|
| 773 |
0 |
|
|t Hospodárske noviny
|g Roč. XVII., č. 2 (5.-6.1.2009)
|x 1335-4701
|
| 773 |
0 |
8 |
|t Podniky & trhy
|g Č. 2 (5.-6.1.2009), s. 14
|
| 852 |
|
|
|a SNK
|b KIS3GCP
|
| 958 |
|
|
|a BX
|
| 958 |
|
|
|a SK
|
| 999 |
|
|
|c 3194142
|d 3196072
|